000 00717nam a22002297a 4500
999 _c2932
_d2932
003 AR-CdUCM
008 190305b ||||| |||| 00| 0 spa d
040 _aMUNICIPALIDAD PROVINCIAL DEL CUSCO
_cBIBLIOTECA MUNICIPAL DEL CUSCO
082 _a869.56 /
_bF19
100 _aFalla Barreda, Ricardo
_910066
245 _aMi capital /
260 _aLima :
_bEdiciones Poesía,
_c1979.
300 _a32 páginas ;
_c19.5 cm.
500 _aDonación de la familia Nieto.
650 _aPoesía peruana
_9806
650 _aPoesía - Perú
_910037
650 _aProsa contemporánea
_910067
650 _aSiglo XX
_910068
650 _aGeneración del 70 - Ricardo Falla
_910069
942 _2ddc
_cLIBROS
945 _alccs